| 000 | 01431nam0a22002771 4500 | ||
|---|---|---|---|
| 001 | rc\2212794 | ||
| 005 | 20110829170203.0 | ||
| 035 | _a(NLR Aleph) 006620323 | ||
| 090 |
_a7442309 _c7442309 |
||
| 100 | _a20110829d1978 |||y0rusy50 ca | ||
| 101 | 0 | _arus | |
| 102 | _aRU | ||
| 105 | _ay z ||||| | ||
| 200 | 1 |
_aПрименение многофакторного регрессионного анализа для прогнозирования изменений численности живых компонентов природных очагов болезней человека _eМетод. рекомендации _fАМН СССР. Пробл. комис. "Вирус. энцефалиты, полиомиелит и др. энтеровирус. инфекции", Ин-т полиомиелита и вирус. энцефалитов _g[Подгот. к. б. н. Н.М. Окуловой и инж. А.А. Мыскиным] |
|
| 210 |
_aМосква _cБ. и. _d1978 |
||
| 215 |
_a15 с. _d21 |
||
| 320 | _aБиблиогр.: с. 11-12 | ||
| 702 | 1 |
_aМыскин _bА. А. _4220 |
|
| 702 | 1 |
_aОкулова _bН. М. _4220 |
|
| 712 | 0 | 2 |
_aИнститут полиомиелита и вирусных энцефалитов _cМосква _3RU\NLR\AUTH\8810020871 |
| 801 | 0 |
_aRU _bNLR _gpsbo |
|
| 801 | 1 |
_aRU _bELAR _2rusmarc |
|
| 852 |
_aNLR _j79-4/4870 |
||
| 899 |
_aRuMoRGB _jM 78-12/3197 |
||
| 942 | _cBOOK | ||
| 980 | _aNB | ||